[Event "Condigne Dutch Open 2016"]
[Site "dieren"]
[Date "2016.08.04"]
[Round "9"]
[White "Kiremitciyan, Ari"]
[Black "Lecomte, Robin"]
[Result "1/2-1/2"]
[WhiteElo "2071"]
[BlackElo "2288"]
[PlyCount "40"]
[EventDate "2016.07.27"]
[EventCountry "NED"]

1. Nf3 Nf6 2. c4 e6 3. g3 b6 4. Bg2 Bb7 5. O-O c5 6. d4 cxd4 7. Qxd4 Bc5 8. Qf4
O-O 9. Nc3 d5 10. Rd1 Qe7 11. cxd5 Nxd5 12. Nxd5 Bxd5 13. Ne5 Bxg2 14. Kxg2
Qb7+ 15. Qf3 Qxf3+ 16. Kxf3 f6 17. Nc4 Nc6 18. Be3 Bxe3 19. Nxe3 Rfd8 20. Rac1
Ne7 1/2-1/2

[Event "Condigne Dutch Open 2016"]
[Site "dieren"]
[Date "2016.08.04"]
[Round "9"]
[White "Bhattacharjee, Sourav"]
[Black "Schippers, Maurice"]
[Result "1/2-1/2"]
[WhiteElo "2065"]
[BlackElo "2220"]
[PlyCount "154"]
[EventDate "2016.07.27"]
[EventCountry "NED"]

1. e4 d5 2. exd5 Qxd5 3. Nc3 Qd6 4. d4 c6 5. Nf3 Nf6 6. Ne5 Nbd7 7. Nc4 Qc7 8.
Qf3 Nb6 9. Bf4 Qd7 10. Be5 Qf5 11. Qd1 Nxc4 12. Bxc4 Qg6 13. O-O Bh3 14. Bg3
Bg4 15. f3 Bd7 16. d5 Nxd5 17. Bxd5 cxd5 18. Nxd5 Rc8 19. c3 Qc6 20. Nb4 Qc5+
21. Bf2 Qa5 22. Qd4 e5 23. Rfe1 f6 24. Qxa7 Bxb4 25. cxb4 Qxb4 26. a3 Qb3 27.
Rad1 Bc6 28. Qc5 Kf7 29. Qb6 $11 Qxb6 30. Bxb6 g5 31. Rd6 Ra8 32. Red1 Rhe8 33.
Rd8 Rexd8 34. Rxd8 Ra4 35. Bc5 Rc4 36. Bb4 h5 37. Bc3 g4 38. fxg4 hxg4 39. Rd1
Ke6 40. Kf2 Bd5 41. Re1 Rc7 42. Kg3 Kf5 43. Rf1+ Ke6 44. Re1 Rh7 45. a4 Rc7 46.
a5 Rc4 47. Re2 Be4 48. Re1 f5 49. Re2 f4+ 50. Kf2 Kf5 51. Rd2 Bc6 52. Rd8 Ra4
53. Rf8+ Ke6 54. Rg8 e4 55. Rxg4 e3+ 56. Ke2 Bb5+ 57. Kf3 Bc6+ 58. Ke2 Kf5 59.
Rg7 Bb5+ 60. Kf3 Bc6+ 61. Ke2 Ra1 62. Rf7+ Kg5 63. Rg7+ Kf5 64. Rf7+ Kg5 65.
Rg7+ Kh6 66. Rg4 Bb5+ 67. Kf3 Rf1+ 68. Ke4 Bc6+ 69. Ke5 e2 70. Rxf4 Bxg2 71.
Rg4 e1=Q+ 72. Bxe1 Rxe1+ 73. Kd6 Re2 74. b4 Rc2 75. b5 Bf1 76. Rb4 Ra2 77. Kc7
Rxa5 1/2-1/2

[Event "Condigne Dutch Open 2016"]
[Site "dieren"]
[Date "2016.08.04"]
[Round "9"]
[White "Sahil, Tickoo"]
[Black "Evengroen, Henk-Jan"]
[Result "1/2-1/2"]
[WhiteElo "2016"]
[BlackElo "2179"]
[PlyCount "80"]
[EventDate "2016.07.27"]
[EventCountry "NED"]

1. d4 Nf6 2. c4 g6 3. Nc3 Bg7 4. e4 d6 5. Nf3 O-O 6. Be2 e5 7. O-O Nc6 8. d5
Ne7 9. Nd2 a5 10. a3 Nd7 11. Rb1 f5 12. b4 Nf6 13. c5 axb4 14. axb4 dxc5 15.
bxc5 fxe4 16. Ndxe4 Nxe4 17. Nxe4 Qxd5 18. Qxd5+ Nxd5 19. Bc4 c6 20. Nd6 Ra5
21. Bd2 Rxc5 22. Bb4 Rxc4 23. Nxc4 Nxb4 24. Rxb4 Rf4 25. Ra4 b5 26. Ra8 Rxc4
27. Rxc8+ Kf7 28. Rc7+ Kf6 29. Rd1 Bf8 30. g3 b4 31. Rd8 Be7 32. Rdd7 b3 33.
Rxe7 b2 34. Rb7 b1=Q+ 35. Rxb1 Kxe7 36. Rb7+ Ke6 37. Rxh7 Rc2 38. h4 c5 39. Rg7
Kf6 40. Rc7 Kf5 1/2-1/2

[Event "Condigne Dutch Open 2016"]
[Site "dieren"]
[Date "2016.08.04"]
[Round "9"]
[White "Maddens, Martijn"]
[Black "Van der Zon, Stef"]
[Result "1/2-1/2"]
[WhiteElo "2126"]
[BlackElo "2057"]
[PlyCount "65"]
[EventDate "2016.07.27"]
[EventCountry "NED"]

1. e4 c5 2. c3 d5 3. exd5 Qxd5 4. d4 Nf6 5. Nf3 Bg4 6. dxc5 Qxc5 7. Na3 Nbd7 8.
h3 Bh5 9. Nb5 a6 10. Be3 Qc8 11. Nbd4 e6 $11 12. Be2 Be7 13. O-O O-O 14. a4 Rd8
15. Qc2 Bg6 16. Bd3 Bxd3 17. Qxd3 h6 18. Qe2 Qc7 19. Rfe1 Nc5 20. a5 Nd5 21.
Bd2 Re8 22. b4 Nd7 23. Nxe6 Qc8 24. Ned4 Nxc3 25. Qd3 Nd5 26. Nf5 N7f6 27.
Nxe7+ Rxe7 28. Rxe7 Nxe7 29. Rc1 Nc6 30. Ne5 Qd8 31. Qxd8+ Rxd8 32. Bc3 Ne7 33.
Be1 1/2-1/2

[Event "Condigne Dutch Open 2016"]
[Site "dieren"]
[Date "2016.08.04"]
[Round "9"]
[White "Sparenberg, Erik"]
[Black "Keetman, Maaike"]
[Result "1/2-1/2"]
[WhiteElo "2147"]
[BlackElo "2057"]
[PlyCount "39"]
[EventDate "2016.07.27"]
[EventCountry "NED"]

1. d4 Nf6 2. Nf3 g6 3. g3 Bg7 4. Bg2 O-O 5. O-O d6 6. c4 c6 7. b3 Qa5 8. Qd2
Qh5 9. Qg5 e5 10. Qxh5 Nxh5 11. e3 e4 12. Nfd2 f5 13. Nc3 Be6 14. Ba3 Rd8 15.
Rac1 Na6 16. Bh3 Nc7 17. f3 d5 18. cxd5 Nxd5 19. Nxd5 Bxd5 20. f4 1/2-1/2

[Event "Condigne Dutch Open 2016"]
[Site "dieren"]
[Date "2016.08.04"]
[Round "9"]
[White "Van Osch, Mees"]
[Black "Nachbar, Benjamin"]
[Result "1/2-1/2"]
[WhiteElo "2275"]
[BlackElo "2124"]
[PlyCount "71"]
[EventDate "2016.07.27"]
[EventCountry "NED"]

1. e4 c6 2. d4 d5 3. Nc3 dxe4 4. Nxe4 Bf5 5. Qf3 Qd5 6. Bd3 Bxe4 7. Bxe4 Qxd4
8. Ne2 Qd6 9. Bd2 Nf6 10. O-O-O Qe6 $11 11. Nc3 Nxe4 12. Nxe4 g6 13. Bc3 Bh6+
14. Kb1 O-O 15. Rhe1 Qf5 16. Qxf5 gxf5 17. Ng3 e6 18. Nh5 Rc8 19. Rd3 Kf8 20.
Be5 Bg5 21. Nf6 h6 22. Red1 Na6 23. Nh7+ Ke8 24. f4 Bh4 25. Rh3 Rd8 26. Rf1 Bf2
27. Rxh6 Bd4 28. g4 fxg4 29. Nf6+ Ke7 30. Nxg4 Nc5 31. Rh7 Ne4 32. Kc1 Bxe5 33.
Nxe5 Nd6 34. h4 Rg8 35. h5 Rg2 36. b3 1/2-1/2

[Event "Condigne Dutch Open 2016"]
[Site "dieren"]
[Date "2016.08.04"]
[Round "9"]
[White "Van Meegen, Ruud"]
[Black "Bakker, Guido"]
[Result "0-1"]
[WhiteElo "2201"]
[BlackElo "2134"]
[PlyCount "78"]
[EventDate "2016.07.27"]
[EventCountry "NED"]

1. d4 Nf6 2. c4 g6 3. Nc3 Bg7 4. e4 d6 5. Nf3 O-O 6. Be2 Na6 7. O-O e5 8. Be3
Ng4 9. Bg5 Qe8 10. dxe5 dxe5 11. h3 h6 12. Bd2 Nf6 13. Be3 Kh7 14. a3 Qe7 15.
Nd5 Qd8 16. Qc2 c6 17. Nxf6+ Qxf6 18. c5 Nc7 19. Rad1 Ne6 20. Rd6 Qe7 21. Rfd1
Re8 22. Bc4 Qf6 23. Nh2 Qh4 24. Nf3 Qf6 25. Nh2 Qh4 26. g3 Qxh3 27. Bf1 Qh5 28.
Be2 Qh3 29. Qc4 Nd4 30. Bxd4 exd4 31. Qxf7 Be6 32. Qxb7 Rab8 33. Qxc6 Rf8 34.
Bf1 Qh5 35. Rb1 Rxf2 36. Kxf2 Qxh2+ 37. Ke1 Qxg3+ 38. Kd2 Qe3+ 39. Kc2 Bb3# 0-1